[Event "Norway Chess 4th"]
[Site "Stavanger"]
[Date "2016.04.28"]
[Round "8"]
[White "Eljanov, Pavel"]
[Black "Li, Chao B"]
[Result "0-1"]
[WhiteElo "2765"]
[BlackElo "2755"]
[Annotator "Roiz,M"]
[PlyCount "114"]
[EventDate "2016.04.19"]
[EventType "tourn"]
[EventRounds "9"]
[EventCountry "NOR"]
[EventCategory "21"]
[SourceTitle "CBM 172"]
[Source "ChessBase"]
[SourceDate "2016.05.12"]
[SourceVersion "1"]
[SourceVersionDate "2016.05.12"]
[SourceQuality "1"]

1. d4 d5 2. Nf3 Nf6 3. Bf4 {As was proved many times by Magnus Carlsen and
Vladimir Kramnik, this way of handling the opening also can pose Black some
problems, especially if the player comes unprepared.} Bf5 4. e3 e6 5. Bd3 (5.
c4 $5 {, as was played by expert Gata Kamsky, deserves consideration.}) 5...
Ne4 $5 {This move takes the game along an unexplored path.} ({After} 5... Bg6
6. O-O Nbd7 7. c4 c6 8. Nc3 Be7 9. h3 {Bu Xiangzhi (2712) - Ding Liren (2770)
Zaozhuang CHN 2015, Black has a solid, but rather passive position.}) ({
The most natural seems} 5... Bxd3 6. Qxd3 Bd6 7. Bxd6 (7. Qb5+ Nbd7 8. Bxd6
cxd6 {doesn't offer White any advantage.}) 7... cxd6 8. O-O O-O 9. c4 dxc4 10.
Qxc4 Nc6 $11 {Demidov,M (2497)-Kobalia,M (2632) Moscow RUS 2015}) 6. Nbd2 Bd6 (
{The alternative -} 6... Nxd2 7. Qxd2 Bxd3 8. Qxd3 Nd7 9. O-O Bd6 10. Bg5 {
would offer White a small, but stable advantage.}) 7. Bxe4 $5 {This exchange
makes the play much more complex.} ({The modest} 7. Bxd6 cxd6 8. O-O O-O {
led to an equal and boring position.}) 7... dxe4 8. Ne5 f6 $6 {Most probably,
Li Chao had underestimated the consequences of Pavel's reply...} ({The correct
move was} 8... h5 $1 {Restricting White's active possibilities on the k-side
and aiming at trapping the opponent's bishop} 9. Qe2 ({After} 9. h3 g5 10. Bg3
h4 11. Bh2 f6 12. Ng4 Qe7 {Black's position is preferable due to a space
advantage.}) 9... Bxe5 ({Only not} 9... g5 $2 10. Qb5+ c6 11. Qxb7 $18) 10.
dxe5 g5 ({Another possible move is} 10... Nc6 $5) 11. O-O-O gxf4 12. Nxe4 Qe7
13. Nf6+ Kf8 14. exf4 Nc6 {with very complex, double-edged play.}) 9. g4 $1
$146 {An important novelty in a rare theoretical position. This excellent
resource enables White to open up the position and make use of his development
advantage.} ({One preceding game saw} 9. Nec4 Bxf4 10. exf4 Qxd4 11. c3 $6 ({
A better move was:} 11. Qe2 {with definite compensation for a pawn.}) 11... Qd7
12. O-O O-O 13. Re1 Rd8 $15 {Zucchinali,A-Borgna,F Pellestrina 1979, and Black
was better.}) 9... fxe5 (9... Bxe5 $6 10. dxe5 Bg6 11. Qe2 Nc6 12. O-O-O fxe5
13. Bg3 Qe7 14. Nb3 O-O 15. h4 $16) 10. dxe5 {Obviously, White manages to get
the piece back.} Be7 11. gxf5 exf5 12. Rg1 $1 {Pavel finds the best way of
developing his initiative. Since Black cannot castle, the next weakening move
is forced.} (12. Qe2 $6 {would be premature:} Qd5 13. O-O-O Nc6 14. Nb3 Qe6
$132 {and Black manages to consolidate.}) 12... g6 (12... O-O $2 13. Bh6 Rf7
14. e6 $18) 13. Qe2 Qd5 14. O-O-O Nc6 (14... Qxa2 {is too risky:} 15. Qb5+ Nd7
16. Nxe4 O-O-O 17. Nc3 Qa1+ 18. Kd2 Nc5+ 19. Ke2 Qa6 20. Qxa6 Nxa6 21. Nd5 $36
{and White maintains a poweful initiative in the endgame.}) 15. Nb3 Qe6 16. Qb5
$6 {This move was played after a long meditation. Unfortunately, the queen's
route turns out to be a loss of time.} ({The position is very complex and
original, so the most effective way of handling the position wasn't obvious:} 
16. Kb1 $1 O-O {And now only} 17. h4 $1 {would offer White a powerful
initiative in all cases:} ({The natural-looking} 17. Nd4 Nxd4 18. exd4 Rad8 {
offers White no real advantage:} 19. f3 ({The ambitious} 19. c4 c6 20. f3 exf3
21. Qd3 {can be met by} Bc5 $1 22. Qc3 Be7 $11 {and White cannot proceed.}) (
19. Qb5 Rd7 $1 20. Qxb7 Rfd8 21. c3 c5 22. Qb5 cxd4 23. Rxd4 a6 24. Qc4 Kf7 $44
) 19... c5 $1 20. fxe4 Rxd4 21. Rxd4 cxd4 $132) 17... Rad8 (17... Nxe5 18. Nd4
Qf6 19. Bxe5 Qxe5 20. h5 g5 21. f4 $1 $36) ({Even worse is} 17... Bxh4 $2 18.
Nc5 Qe8 19. Qc4+ Kh8 20. e6 $18) 18. h5 Rxd1+ 19. Qxd1 Rd8 20. Qf1 Kf7 21.
hxg6+ hxg6 22. Qh3 $36) 16... O-O {The position is very complicated, so both
players fail to play precisely at this stage.} ({A better way was} 16... a6 $1
17. Qxb7 Kf7 {and now White has nothing better than} 18. Nd4 Nxd4 19. Rxd4 Qxa2
20. e6+ Kxe6 21. Qxc7 (21. Qc6+ Kf7 {gives White nothing special either}) 21...
Qa1+ 22. Kd2 Qxg1 23. Qc6+ Kf7 24. Qd5+ Kg7 25. Qe5+ Kf7 26. Qd5+ {with
perpetual.}) 17. Kb1 ({The greedy} 17. Qxb7 $5 {was possible, though it looks
scary for a human player:} a5 (17... Nxe5 $6 18. Qd5 Qxd5 19. Rxd5 $16 {
leads to a difficult endgame}) 18. Qxc7 a4 19. Nd4 Nxd4 20. exd4 Rfc8 21. d5
Rxc7 22. dxe6 Rac8 23. Rd2 Rc6 $14 {Black would obtain some compensation for
the missing pawn, but White's chances are preferable.}) 17... a5 ({Li Chao
didn't want to waste a tempo on protecting the pawn with} 17... b6 $5 {, but
there was nothing wrong with it:} 18. Nd4 Nxd4 19. exd4 c6 20. Qe2 Rad8 $132)
18. Nd4 ({Exposing the b4-spot yields Black an excellent counterplay after} 18.
a4 Rfd8 19. Qxb7 Nb4 $1 20. Qxc7 Rac8 21. Rxd8+ Rxd8 $44 {and White is under
strong pressure.}) 18... Nxd4 19. exd4 (19. Rxd4 {was harmless:} b6 20. Qd7 Kf7
$1 21. Qxc7 Rac8 {and White has to accept a draw or enter into an unclear
endgame:} 22. Qa7 Ra8 23. Qd7 Qxd7 24. Rxd7 Ke6 $44) 19... c6 20. Qb6 {This
move is a bit risky - the queen is almost out of moves. However, it is not so
bad.} ({As earlier, grabbing the pawn wouldn't offer White any advantage:} 20.
Qxb7 Rfb8 21. d5 cxd5 22. Qxd5 Kf7 $44) ({A possible move was} 20. Qe2 Rad8 21.
f3 exf3 22. Qxf3 b5 $132 {, but then the situation is much worse for White
than a couple of moves earlier - Black has a clear plan of attacking the
central pawns.}) 20... Rfd8 21. a4 Rd7 22. d5 {The only, but sufficient way to
save the queen.} Rxd5 23. Rxd5 Qxd5 24. Qxb7 Re8 {The position is
approximately equal now, but contains danger for both sides.} 25. b3 {It's
difficult for either player to make any real progress now.} Ba3 (25... Bc5 26.
Rf1 {have little independent value.}) 26. h4 $1 {GM Eljanov finds the correct
plan - The h-pawn's advance would put Black's king under strong pressure.} Qd4
27. Bc1 Bxc1 28. Rxc1 f4 ({The following line could have led to a forced draw:
} 28... Qxe5 29. h5 gxh5 30. Rg1+ Kh8 31. Qf7 h4 32. Rg7 Qxg7 33. Qxe8+ Qg8 34.
Qe5+ $11) 29. h5 g5 ({Opening up the h-file looks scary for Black, but there
was another possibility} 29... Qxe5 30. hxg6 hxg6 31. Rh1 Qf6 32. Qc7 e3 33.
fxe3 fxe3 34. Qh7+ Kf8 35. Qh6+ Kf7 36. Qh7+ $11) 30. h6 Qxe5 31. Rd1 {I guess,
both players were quite ambitious at this stage of the game. Black's passers
are very dangerous, but the vulnerablity of Kg8 offers White sufficient
counterplay.} (31. Qxc6 Kf7 32. Rd1 Re6 33. Qc8 e3 34. fxe3 fxe3 35. Rf1+ Rf6
36. Qd7+ Qe7 37. Qd5+ Qe6 38. Qb7+ Qe7 $11) 31... Re7 (31... e3 32. Rd7 Qf6 33.
fxe3 fxe3 34. Rg7+ Kf8 35. Qd7 Rd8 36. Rf7+ Qxf7 37. Qxd8+ Qe8 38. Qf6+ $11)
32. Qxc6 e3 $6 ({Much safer would be} 32... Kf7 33. Rd6 Re6 {and then White
has nothing better than} 34. Qd7+ Re7 35. Qc6 $11) 33. fxe3 fxe3 34. Rd5 $6 {
The first step in the wrong direction.} ({Instead,} 34. Qc4+ $1 {would force
Black to play very precisely in order to save half a point:} Re6 ({For
instance,} 34... Qe6 $2 {loses on spot:} 35. Qc5 $1 e2 (35... Qe5 36. Rd5 $18)
36. Qxg5+ Qg6 37. Qd5+ Qe6 38. Qxe6+ Rxe6 39. Re1 $18) 35. Rd5 Qf6 36. Qc7 Re7
$1 (36... Qe7 $2 37. Qxe7 Rxe7 38. Rxg5+ Kf8 39. Rg1 Re6 40. Re1 Kf7 41. c3 Kg6
42. Kc2 Kxh6 43. Kd3 Kg5 44. Rxe3 $18) 37. Qc8+ Kf7 38. Rf5 e2 39. Rxf6+ Kxf6 {
and here the strong e-passer secures a draw:} 40. Qc3+ Kf5 41. Qxa5+ Re5 42.
Qe1 g4 43. Kc1 g3 44. Kd2 Kg4 $1 45. a5 Kf3 46. a6 Rd5+ 47. Kc3 Rd7 48. b4 g2
49. b5 Rd1 50. a7 Rxe1 51. a8=Q+ Kg3 $11 {and White has to force a draw by
perpetual:}) 34... e2 $1 35. Rxe5 Rxe5 {In comparison to the previous note,
now White has to be careful!} 36. Qa8+ Kf7 37. Qa7+ $2 {Being under time
pressure, Pavel chooses the wrong defensive approach.} ({The correct one was} 
37. Qb7+ $1 {and Black cannot avoid the draw:} Re7 (37... Kg6 38. Qc6+ Kh5 39.
Qh1+ $11) 38. Qd5+ Kg6 39. Qc6+ Kh5 40. Qh1+ Kg4 41. Qg2+ Kf5 42. Qd5+ $11)
37... Re7 38. Qf2+ Ke8 39. Qe1 g4 40. Kc1 g3 {It's necessary to advance the
pawns - otherwise White can capture the Pe2.} 41. Kd2 g2 42. c3 Re6 $1 $19 {
This move is connected with a plan of removing the king from the centre.} 43.
b4 Kd7 44. b5 Rd6+ 45. Kc2 (45. Kxe2 Re6+ $19) 45... Rg6 46. Qd2+ Kc8 47. Qxe2
g1=Q {Unfortunately for Pavel, there is no perpetual now.} 48. Qe8+ Kb7 49.
Qe7+ Kb6 50. Qd8+ Kc5 51. Qf8+ Kd5 52. Qf5+ Kd6 53. Qf4+ Ke7 54. Qe4+ Re6 55.
Qxh7+ Ke8 56. Qh8+ Kd7 57. Qh7+ Kc8 ({White resigns in view of} 57... Kc8 58.
Qh8+ Kb7 59. Qh7+ Kb6 $19) 0-1

[Event "Gashimov Memorial 3rd"]
[Site "Shamkir"]
[Date "2016.06.02"]
[Round "7"]
[White "Eljanov, Pavel"]
[Black "Hou, Yifan"]
[Result "1-0"]
[WhiteElo "2765"]
[BlackElo "2663"]
[Annotator "Roiz,M"]
[PlyCount "119"]
[EventDate "2016.05.26"]
[EventType "tourn"]
[EventRounds "9"]
[EventCountry "AZE"]
[EventCategory "20"]
[SourceTitle "CBM 173"]
[Source "ChessBase"]
[SourceDate "2016.07.12"]
[SourceVersion "1"]
[SourceVersionDate "2016.07.12"]
[SourceQuality "1"]

1. d4 Nf6 2. Nf3 d5 3. Bf4 e6 4. e3 c5 5. c3 Nc6 6. Nbd2 Bd6 7. Bg3 O-O 8. Bb5
{The London System has gained some popularity, mainly due to efforts of GM
Gata Kamsky, as it is a basic part of his repertoire. As well, it has been
successfully employed by Carlsen, Kramnik and others.} a5 $146 {A novelty.
This move looks somewhat awkward, but the main idea behind it is exchanging
the light-squared bishops by means of b6 and Ba6.} ({There are some recent
practical tests of this position on the highest level:} 8... Ne7 9. dxc5 Bxc5
10. Bd3 b6 11. O-O Bb7 12. Qc2 Ng6 13. Rad1 Nh5 {Kramnik,V - Nakamura,H /
Zurich SUI 2016}) (8... a6 9. Bxc6 bxc6 10. Qa4 Rb8 11. Qa3 Bxg3 12. hxg3 Qb6
13. O-O Nd7 14. Rfb1 cxd4 15. cxd4 c5 16. Nb3 c4 $11 {Andreikin,D - Sethuraman,
S / Stockholm SWE 2016}) 9. a4 Ne7 {A continuation of the same strategy -
Black has to remove the knight from c6 before she plays b7-b6.} 10. Qe2 $1 {
Delaying castling keeps more tension - the exchange on g3 would open up the
h-file.} Nf5 ({Also,} 10... b6 {runs into} 11. e4 $1 dxe4 12. Nxe4 Nxe4 13.
Qxe4 Ra7 14. O-O-O Bb7 15. Qc2 $14 {and the pressure along the d-file is
getting serious.}) 11. Bd3 ({I guess,} 11. Bxd6 {was rejected by Pavel in view
of:} Nxd6 $1 {with a temporary pawn sac:} 12. dxc5 ({Nor does} 12. Bd3 b6 13.
Ne5 Bb7 $11 {promise anything.}) 12... Nxb5 13. axb5 (13. Qxb5 Qc7 14. O-O Bd7
15. Qb6 Qxb6 16. cxb6 Ra6 $11) 13... Bd7 14. O-O Qe8 $132) ({However,} 11. Be5
$1 {was stronger,} {and if} b6 (11... Bxe5 12. dxe5) 12. Bxf6 $1 {, then} Qxf6
13. e4 dxe4 14. Nxe4 Qe7 15. Rd1 $14 {intending to meet} cxd4 $140 {with} 16.
g4 $1 Nh6 17. Nxd6 Qxd6 18. Rxd4 Qe7 19. Ne5 $36 {and the poor placement of
the Nh6 causes Black serious problems.}) 11... Be7 ({Now there was nothing
wrong with} 11... b6 {, and then} 12. e4 {leads only to simplifications:} dxe4
13. Nxe4 Nxe4 14. Qxe4 Rb8 15. O-O-O Bb7 16. Qe2 Nxg3 17. hxg3 h6 18. Be4 Qc7
$11) 12. Be5 (12. Ne5 Qb6 13. Rb1 Nd7 14. Ndf3 f6 15. Nxd7 Bxd7 $11) 12... b6
13. Bxf6 $1 {An interesting concept: since the position is closed, White
doesn't mind exchanging the bishop in order to advance the k-side pawns.} ({
The tempting} 13. e4 {turns out to be rather toothless:} dxe4 14. Nxe4 cxd4 15.
Nxd4 Nxd4 16. Bxd4 Nd5 $11) 13... Bxf6 14. g4 $1 (14. e4 dxe4 15. Nxe4 cxd4 16.
Nxf6+ Qxf6 17. Nxd4 Bb7 $11) 14... Nd6 $6 ({It was better to simplify matters:
} 14... Nh4 15. Nxh4 Bxh4 16. Rg1 Be7 17. Nf3 Bd6 18. h4 {looks promising for
White, though the play is double-edged.}) 15. h4 {White feels free to keep the
king in the centre for a while.} Be7 16. g5 ({It was well worth considering} 
16. Ne5 Bb7 17. g5 Nf5 18. O-O-O f6 19. Ng4 $36 {with some initiative.}) 16...
Bb7 17. Ne5 Qe8 18. Rg1 f5 $1 {An excellent decision. It would be very
difficult to make any progress without 19.gxf6, but accepting the challenge
yields Black definite counterplay along the f-file.} 19. gxf6 Bxf6 20. Qg4 Ba6
{Finally Black manages to activate the light-squared bisop. We can say, that 8.
..a5 is justified now!} 21. Bc2 Ra7 (21... cxd4 22. exd4 Nf5 23. O-O-O b5 24.
Nb3 bxa4 25. Nc5 Bxe5 26. dxe5 Ra7 $132) 22. Ndf3 Bxe5 $6 ({The correct way
was:} 22... cxd4 23. exd4 Nf5 24. Kd2 b5 $132 {with excellent counterplay.})
23. dxe5 (23. Nxe5 Nc4 (23... cxd4 24. Qxd4 $1 Qh5 25. Ng4 $40) 24. Nxc4 Bxc4
25. Qg5 $14) 23... Nf5 24. Ng5 $1 h6 {It's hard to do with an annoying knight
for a long time, but this weakening move is a serious concession.} 25. Nh3 d4
$2 {Hou Yifan chooses the wrong moment for drastic measures.} ({Instead, the
cool-blooded} 25... b5 $1 26. Nf4 bxa4 27. Rxa4 (27. Bxa4 Qf7 28. O-O-O d4 $132
) {and only then} 27... d4 $1 $132 {would have kept the position tense and
double-edged.}) 26. e4 d3 27. Bb3 c4 28. Bd1 $18 {It turns out, that the
knight falls, while White's king is still very safe.} Qb8 29. exf5 Qxe5+ 30.
Kd2 Rxf5 31. f4 $6 {This impulsive advance makes White's task much tougher.} (
31. Qg3 $1 {, liquidating into a winning endgame was much stronger.}) 31... Qf6
({After} 31... Qb8 32. Qg6 Kh8 33. Bh5 Re7 34. Rae1 Rf6 35. Qe4 b5 36. Qc6 {
White should be able to convert the material advantage into a full point.}) 32.
Bf3 ({Again,} 32. Qg6 {seems simpler.}) 32... Bb7 33. Bxb7 Rxb7 34. Qf3 Rf7 (
34... Qf7 35. Rg3 b5 36. Rag1 $18) 35. h5 $6 {One more serious inaccuracy.} (
35. Rae1 $1 e5 36. Qa8+ Rf8 37. Qd5+ $18) 35... Qh4 $6 {Returning the favour.}
({It looks like in the event of} 35... Qd8 $1 36. Rg6 Qd5 37. Qg4 b5 $1 {
White would have to find many precise moves in order to fight for a win:} 38.
Re1 Re7 39. Rxh6 bxa4 40. Nf2 Qb5 41. Nd1 a3 42. bxa3 Qa4 43. Rexe6 Ref7 44.
Rd6 Qc2+ 45. Ke1 Qe2+ 46. Qxe2 dxe2 47. Ne3 gxh6 48. Nxf5 Rxf5 49. Rxh6 Rxf4
50. Kxe2 {, and the resulting rook endgame seems winning.}) 36. Rg4 Qxh5 37.
Rag1 {White has managed to mobilize all the forces.} Rd5 38. Nf2 Qf5 39. Ne4 ({
A much more effective try was} 39. Qg2 Rdd7 40. Nd1 Qd5 41. Ne3 Qxg2+ 42. R1xg2
$18 {and Black's position collapses.}) 39... Rdd7 40. Qe3 b5 41. Nc5 $1 {
Luckily for Pavel, White is just in time to neutralise Black's counterplay.}
Rde7 42. Qe5 bxa4 (42... Qxe5 43. fxe5 Rf2+ 44. Kc1 h5 45. Rd4 bxa4 46. Nxa4
Rc2+ 47. Kb1 Rb7 48. Rxc4 Re2 49. Rd4 Rxe5 50. Rh1 $18) 43. Ke3 $1 Kh7 ({
The most stubborn attempt was} 43... g5 $1 44. Ne4 Qxe5 45. fxe5 Rf5 46. Nf6+
Kg7 47. Rxc4 Rxe5+ 48. Ne4 Rb7 49. Rg2 Kg6 50. Rxa4 h5 51. Rd4 g4 {, and the
kingside passers leave Black some drawing chances.}) 44. Rh4 $1 Qxe5+ 45. fxe5
Rf5 46. Rxc4 Rxe5+ 47. Ne4 g5 {Now it's too late!} 48. Rxa4 Kg6 49. Kxd3 Rf7
50. Nd2 h5 51. Re4 Rxe4 (51... Rd5+ 52. Ke3 Kf6 53. c4 Rf5 54. Nb3 $18) 52.
Nxe4 g4 53. c4 {Now the c-pawn easily decides the game.} Rf3+ 54. Kd4 Kf5 55.
Ng3+ $1 {The last precise move.} Rxg3 (55... Kg5 56. c5 h4 57. Ne4+ Kf4 58. c6
e5+ 59. Kc4 Kxe4 60. c7 Rf8 61. Re1+ $18) 56. Rxg3 h4 57. Rg1 g3 58. Ke3 Kg4
59. Rd1 e5 60. c5 1-0